Tarçın kız 1 : (Record no. 200461688)
[ view plain ]
| 000 -LEADER | |
|---|---|
| fixed length control field | 01039cam a2200325 i 4500 |
| 001 - CONTROL NUMBER | |
| control field | 200461688 |
| 003 - CONTROL NUMBER IDENTIFIER | |
| control field | TR-AnTOB |
| 005 - DATE AND TIME OF LATEST TRANSACTION | |
| control field | 20240711141646.0 |
| 007 - PHYSICAL DESCRIPTION FIXED FIELD--GENERAL INFORMATION | |
| fixed length control field | ta |
| 008 - FIXED-LENGTH DATA ELEMENTS--GENERAL INFORMATION | |
| fixed length control field | 130826s2009 tu $r01 $$$$ tur utur d |
| 020 ## - INTERNATIONAL STANDARD BOOK NUMBER | |
| International Standard Book Number | 9789759917548 |
| 040 ## - CATALOGING SOURCE | |
| Original cataloging agency | TR-AnTOB |
| Language of cataloging | eng |
| Description conventions | rda |
| Transcribing agency | TR-AnTOB |
| 041 0# - LANGUAGE CODE | |
| Language code of text/sound track or separate title | Türkçe |
| 050 1# - LIBRARY OF CONGRESS CALL NUMBER | |
| Classification number | PR6101.A8 |
| Item number | C56619 2008 |
| 090 ## - LOCALLY ASSIGNED LC-TYPE CALL NUMBER (OCLC); LOCAL CALL NUMBER (RLIN) | |
| Classification number (OCLC) (R) ; Classification number, CALL (RLIN) (NR) | PR6101.A8 |
| Local cutter number (OCLC) ; Book number/undivided call number, CALL (RLIN) | C56619 2008 |
| 100 1# - MAIN ENTRY--PERSONAL NAME | |
| Personal name | Hopkins, Cathy, |
| Dates associated with a name | 1953- |
| Relator term | author |
| 9 (RLIN) | 146275 |
| 240 10 - UNIFORM TITLE | |
| Uniform title | Cınnamon girl: this way to paradise. |
| Language of a work | Turkish. |
| 245 10 - TITLE STATEMENT | |
| Title | Tarçın kız 1 : |
| Remainder of title | cennete giden yol / |
| Statement of responsibility, etc. | Cathy Hopkins ; çeviri Handan Akdemir. |
| 250 ## - EDITION STATEMENT | |
| Edition statement | 1. baskı |
| 264 #1 - PRODUCTION, PUBLICATION, DISTRIBUTION, MANUFACTURE, AND COPYRIGHT NOTICE | |
| Place of production, publication, distribution, manufacture | İstanbul : |
| Name of producer, publisher, distributor, manufacturer | Doğan Egmont, |
| Date of production, publication, distribution, manufacture, or copyright notice | 2008. |
| 300 ## - PHYSICAL DESCRIPTION | |
| Extent | 204 pages ; |
| Dimensions | 20 cm |
| 336 ## - CONTENT TYPE | |
| Content type term | text |
| Content type code | txt |
| Source | rdacontent |
| 337 ## - MEDIA TYPE | |
| Media type term | unmediated |
| Media type code | n |
| Source | rdamedia |
| 338 ## - CARRIER TYPE | |
| Carrier type term | volume |
| Carrier type code | nc |
| Source | rdacarrier |
| 650 #7 - SUBJECT ADDED ENTRY--TOPICAL TERM | |
| Topical term or geographic name entry element | İngiliz romanı |
| Source of heading or term | etuturkob |
| 9 (RLIN) | 6057 |
| 700 1# - ADDED ENTRY--PERSONAL NAME | |
| Personal name | Akdemir, Handan |
| Relator term | translator |
| 9 (RLIN) | 125913 |
| Personal name | Birden, Nural |
| Relator term | preparer |
| 9 (RLIN) | 146276 |
| 942 ## - ADDED ENTRY ELEMENTS (KOHA) | |
| Source of classification or shelving scheme | Library of Congress Classification |
| Koha item type | Book |
| Withdrawn status | Lost status | Source of classification or shelving scheme | Not for loan | Collection code | Home library | Current library | Shelving location | Date acquired | Source of acquisition | Inventory number | Total Checkouts | Full call number | Barcode | Date last seen | Date shelved | Koha item type |
|---|---|---|---|---|---|---|---|---|---|---|---|---|---|---|---|---|
| Library of Congress Classification | Ödünç Verilemez-Kurumiçi kullanım / Not for loan-For inhouse use | Genel Koleksiyon | Tıp Fakültesi Medikal Kütüphane | Tıp Fakültesi Medikal Kütüphane | Genel Koleksiyon / Main Collection | 09/07/2024 | Bağış / Donation | İDE | PR6101.A8 C56619 2008 v.1 TıpFaK | TF01823 | 09/07/2024 | 09/07/2024 | Book |
